000 00446nam a2200181Ia 4500
005 20250423101441.0
008 250422s9999 xx 000 0 und d
020 _a97888173591235
050 _aQD 5 .D4985/
100 _aDhingra, Anand
245 4 _aThe sterling dictionary of chemistry
260 _aNew Delhi
260 _bSterling Publishing
260 _c2006
300 _a372 p
650 _aChemistry--Dictionaries.
942 _cBK
999 _c36334
_d36334